Normal view
MARC view
- أبو سليمان، عبد الحميد أحمد
Entry Personal Name
001 - CONTROL NUMBER
- control field: 52559
003 - CONTROL NUMBER IDENTIFIER
- control field: JO-AjAnu
005 - DATE AND TIME OF LATEST TRANSACTION
- control field: 20230606082634.0
008 - FIXED-LENGTH DATA ELEMENTS
- fixed length control field: 230606|| aca||aabn | a|a d
040 ## - CATALOGING SOURCE
- Original cataloging agency: JO-AjAnu
- Transcribing agency: JO-AjAnu
100 ## - HEADING--PERSONAL NAME
- Personal name: أبو سليمان، عبد الحميد أحمد
670 ## - SOURCE DATA FOUND
- Source citation: Work cat.: (JO-AjAnu)26858: أبو سليمان، عبد الحميد أحمد, author, ضرب المرأة: وسيلة لحل الخلافات الزوجية